Pokemon #4 - Statistics

General Stats
  • This quiz has been taken 17 times
  • The average score is 23 of 30
Answer Stats
Picture Answer % Correct
Gengar
100%
Krabby
100%
Onix
100%
Voltorb
100%
Gastly
93%
Chansey
87%
Cubone
87%
Drowzee
87%
Electrode
87%
Haunter
87%
Weezing
87%
Cloyster
80%
Hitmonlee
80%
Hypno
80%
Marowak
80%
Rhydon
80%
Goldeen
73%
Hitmonchan
73%
Kingler
73%
Koffing
73%
Lickitung
73%
Rhyhorn
73%
Shellder
73%
Kangaskhan
67%
Tangela
67%
Exeggcute
60%
Seaking
60%
Exeggutor
53%
Horsea
53%
Seadra
53%
No matching quizzes found
Score Distribution
Percent of People with Each Score
Percentile by Number Answered
Your Score History
You have not taken this quiz